000 00884cam a2200229 4500
001 ABS66056
008 021022n2002 000 0 eng u
035 _a(Sirsi) u120216
100 _aBlackman, D.
245 _a'The decent people all moved out'
260 _c2002
490 _aRoof
_vSeptember/October 2002, 18-20(3)
520 _aCouncils in deprived areas are waiting for a housing market renewal fund to boost local markets. It is estimated that up to £500m could be available in nine pathfinder areas over three years. This article explores the different methods needed for the problems in each area and how to get people to move back into the areas.
590 _aABS
650 _aLOCAL AUTHORITIES
650 _aHOUSING MARKET RENEWAL FUND
650 _aSOCIAL HOUSING
650 _aLOW DEMAND
650 _aREGENERATION
690 _aHOUSING
942 _n0
999 _c71413
_d71413